Statistiques concernant Les villes de l'Euro de 1960 à 2016

Cliquez ici pour prendre le quiz!

Statistiques générales

  • Ce quiz a été pris 180 fois
    (165 depuis la dernière actualisation)
  • Le résultat moyen est 45 sur 73

Statistiques - réponses

Année(s)PaysNbreVilles% Correct
1960-1984-2016France18Paris (+Saint-Denis)
100%
1984-2016France8Lyon
99%
1960-1984-2016France10Marseille
99%
2004Portugal10Lisbonne
98%
1972-2000Belgique7Bruxelles
97%
1968-1980Italie6Rome
97%
2000Pays-Bas5Amsterdam
96%
1996Angleterre6Londres
96%
2008Autriche7Vienne
96%
2012Ukraine5Kiev
95%
2016France6Lille (Villeneuve-d'Ascq)
95%
1980Italie4Milan
95%
2004Portugal8Porto
95%
2016France5Bordeaux
93%
1996Angleterre5Manchester
93%
2012Pologne5Varsovie
93%
2008Suisse3Berne
91%
1996Angleterre4Liverpool
89%
2016France4Toulouse
89%
1980Italie3Turin
89%
1992Suède4Stockholm (Solna)
87%
2000Pays-Bas5Rotterdam
86%
1964Espagne2Barcelone
85%
1964Espagne2Madrid
85%
1988Allemagne2Munich
85%
1968-1980Italie5Naples
85%
1984France2Nantes
84%
2016France4Nice
84%
2008Suisse3Zurich
82%
1984-2016France6Saint-Etienne
80%
2008Suisse3Genêve
74%
1972Belgique1Anvers
69%
1976Yougoslavie2Belgrade
69%
1988Allemagne1Hambourg
69%
1984-2016France6Lens
69%
1972-2000Belgique4Liège
69%
2000Belgique4Bruges
66%
1984France2Strasbourg
66%
1996Angleterre4Birmingham
63%
2008Suisse6Bâle
62%
1992Suède3Malmö
61%
1988Allemagne2Francfort
59%
1992Suède5Göteborg
57%
2008Autriche3Salzbourg
56%
2012Ukraine5Donetsk
54%
1988Allemagne2Stuttgart
54%
1976Yougoslavie2Zagreb
54%
1988Allemagne2Cologne
53%
1996Angleterre3Newcastle
53%
2004Portugal2Braga
52%
2000Pays-Bas3Eindhoven
51%
1996Angleterre3Leeds
51%
1968Italie1Florence
49%
2012Pologne4Gdansk
41%
2008Autriche3Innsbruck
33%
2000Belgique3Charleroi
32%
1988Allemagne2Gelsenkirchen
28%
1988Allemagne2Hanovre
28%
2012Pologne3Poznan
28%
2004Portugal3Faro-Loulé
26%
1988Allemagne2Dusseldorf
23%
2012Pologne3Wroclaw
23%
2012Ukraine3Kharkiv
22%
1996Angleterre3Nottingham
22%
1996Angleterre3Sheffield
21%
2004Portugal2Coimbra
20%
2012Ukraine3Lviv
20%
2000Pays-Bas3Arnhem
10%
1992Suède3Norrköping
7%
2008Autriche3Klagenfurt
6%
2004Portugal2Guimares
5%
2004Portugal2Aveiro
4%
2004Portugal2Leiria
4%

Distribution des résultats

Percentile par nombre de réponses

% des personnes avec chaque résultat

Votre développement - résultats

Vous n’avez pas pris ce quiz depuis la dernière actualisation